<?xml version="1.0" encoding="UTF-8"?>
<record
    xmlns:xsi="http://www.w3.org/2001/XMLSchema-instance"
    xsi:schemaLocation="http://www.loc.gov/MARC21/slim http://www.loc.gov/standards/marcxml/schema/MARC21slim.xsd"
    xmlns="http://www.loc.gov/MARC21/slim">

  <leader>00916nam a22002657a 4500</leader>
  <controlfield tag="001">8736</controlfield>
  <controlfield tag="003">FISKH</controlfield>
  <controlfield tag="005">20251017101934.0</controlfield>
  <controlfield tag="008">251016b        cb ||||| |||| 00| 0 eng d</controlfield>
  <datafield tag="040" ind1=" " ind2=" ">
    <subfield code="a">FISKH</subfield>
    <subfield code="b">eng</subfield>
    <subfield code="c">FISKH</subfield>
    <subfield code="d">FISKH</subfield>
  </datafield>
  <datafield tag="050" ind1=" " ind2=" ">
    <subfield code="a">PZ8.L57 D38</subfield>
  </datafield>
  <datafield tag="082" ind1=" " ind2=" ">
    <subfield code="a">398.245</subfield>
  </datafield>
  <datafield tag="100" ind1=" " ind2=" ">
    <subfield code="a">Davidson, Susanna </subfield>
    <subfield code="e">Author </subfield>
  </datafield>
  <datafield tag="245" ind1=" " ind2=" ">
    <subfield code="a">The little red hen /</subfield>
    <subfield code="c">Retold by Susanna Davidson ; Illustrated by Daniel Postgate </subfield>
  </datafield>
  <datafield tag="260" ind1=" " ind2=" ">
    <subfield code="a">London : </subfield>
    <subfield code="b">Usborne Publishing , </subfield>
    <subfield code="c">2006</subfield>
  </datafield>
  <datafield tag="300" ind1=" " ind2=" ">
    <subfield code="a">48 pages :</subfield>
    <subfield code="b">color illustrations ; </subfield>
    <subfield code="c">20 cm</subfield>
  </datafield>
  <datafield tag="505" ind1=" " ind2=" ">
    <subfield code="a">G
</subfield>
  </datafield>
  <datafield tag="520" ind1=" " ind2=" ">
    <subfield code="a">Each title in this series is a classic story or fable, retold with simple text to delight and inspire any child who is just beginning to read.</subfield>
  </datafield>
  <datafield tag="521" ind1="8" ind2=" ">
    <subfield code="a">350
</subfield>
    <subfield code="b">Lexile estimate 
</subfield>
  </datafield>
  <datafield tag="521" ind1="8" ind2=" ">
    <subfield code="a">G
</subfield>
    <subfield code="b">Raz-Plus
</subfield>
  </datafield>
  <datafield tag="650" ind1=" " ind2=" ">
    <subfield code="a">Children classics</subfield>
    <subfield code="v">Moral stories</subfield>
  </datafield>
  <datafield tag="700" ind1=" " ind2=" ">
    <subfield code="a">Postgate, Daniel </subfield>
    <subfield code="e">Illustrator </subfield>
  </datafield>
  <datafield tag="942" ind1=" " ind2=" ">
    <subfield code="2">ddc</subfield>
    <subfield code="c">BK</subfield>
    <subfield code="n">0</subfield>
  </datafield>
  <datafield tag="999" ind1=" " ind2=" ">
    <subfield code="c">8736</subfield>
    <subfield code="d">8736</subfield>
  </datafield>
  <datafield tag="952" ind1=" " ind2=" ">
    <subfield code="0">0</subfield>
    <subfield code="1">0</subfield>
    <subfield code="2">ddc</subfield>
    <subfield code="4">0</subfield>
    <subfield code="7">0</subfield>
    <subfield code="a">002</subfield>
    <subfield code="b">002</subfield>
    <subfield code="c">TTP Dark Green</subfield>
    <subfield code="d">2025-10-16</subfield>
    <subfield code="l">2</subfield>
    <subfield code="o">DAV 398.245 PZ8.L57 D38</subfield>
    <subfield code="p">2025-4585</subfield>
    <subfield code="r">2026-03-20 13:09:33</subfield>
    <subfield code="s">2026-03-17</subfield>
    <subfield code="t">1</subfield>
    <subfield code="w">2025-10-16</subfield>
    <subfield code="y">BK</subfield>
  </datafield>
</record>
